Research methods / (Record no. 21688)
[ view plain ]
| 000 -LEADER | |
|---|---|
| fixed length control field | 01014cam a22003015a 4500 |
| 001 - CONTROL NUMBER | |
| control field | 18319034 |
| 005 - DATE AND TIME OF LATEST TRANSACTION | |
| control field | 20201128023730.0 |
| 008 - FIXED-LENGTH DATA ELEMENTS--GENERAL INFORMATION | |
| fixed length control field | 140929s2014 enka frb 001 0 eng d |
| 020 ## - INTERNATIONAL STANDARD BOOK NUMBER | |
| International Standard Book Number | 9780230362031 |
| 040 ## - CATALOGING SOURCE | |
| Original cataloging agency | DLC |
| Language of cataloging | eng |
| Transcribing agency | DLC |
| Modifying agency | DLC |
| -- | EG-ScBUE |
| 082 04 - DEWEY DECIMAL CLASSIFICATION NUMBER | |
| Classification number | 001.42 |
| Edition number | 22 |
| Item number | STO |
| 100 1# - MAIN ENTRY--PERSONAL NAME | |
| Personal name | Stokes, Peter, |
| Dates associated with a name | 1959- |
| 9 (RLIN) | 39906 |
| 245 10 - TITLE STATEMENT | |
| Title | Research methods / |
| Statement of responsibility, etc | Peter Stokes, Tony Wall. |
| 260 ## - PUBLICATION, DISTRIBUTION, ETC. (IMPRINT) | |
| Place of publication, distribution, etc | London ; |
| -- | New York : |
| Name of publisher, distributor, etc | Palgrave / Macmillan Education, |
| Date of publication, distribution, etc | 2014. |
| 300 ## - PHYSICAL DESCRIPTION | |
| Extent | xii, 284 p. : |
| Other physical details | ill. ; |
| Dimensions | 19 cm. |
| 490 0# - Series Statement | |
| Series statement | Palgrave business briefing. |
| 500 ## - GENERAL NOTE | |
| General note | Index : p. 278-284. |
| 504 ## - BIBLIOGRAPHY, ETC. NOTE | |
| Bibliography, etc | Bibliography : p. 264 -277. |
| 650 #7 - SUBJECT ADDED ENTRY--TOPICAL TERM | |
| Topical term or geographic name as entry element | Management |
| General subdivision | Study and teaching (Higher) |
| Source of heading or term | BUEsh |
| 9 (RLIN) | 39907 |
| 650 #7 - SUBJECT ADDED ENTRY--TOPICAL TERM | |
| Topical term or geographic name as entry element | Management |
| General subdivision | Research |
| -- | Methodology |
| Source of heading or term | BUEsh |
| 9 (RLIN) | 39908 |
| 650 #7 - SUBJECT ADDED ENTRY--TOPICAL TERM | |
| Topical term or geographic name as entry element | Business |
| General subdivision | Research |
| -- | Methodology. |
| Source of heading or term | BUEsh |
| 9 (RLIN) | 1465 |
| 650 #7 - SUBJECT ADDED ENTRY--TOPICAL TERM | |
| Topical term or geographic name as entry element | Dissertations, Academic. |
| Source of heading or term | BUEsh |
| 9 (RLIN) | 1124 |
| 650 #7 - SUBJECT ADDED ENTRY--TOPICAL TERM | |
| Topical term or geographic name as entry element | Report writing. |
| Source of heading or term | BUEsh |
| 9 (RLIN) | 1126 |
| 651 ## - SUBJECT ADDED ENTRY--GEOGRAPHIC NAME | |
| Source of heading or term | BUEsh |
| 653 ## - INDEX TERM--UNCONTROLLED | |
| Resource For college | BAEPS, Business Administration |
| Arrived date list | May2016 |
| 700 1# - ADDED ENTRY--PERSONAL NAME | |
| Personal name | Wall, Tony |
| 942 ## - ADDED ENTRY ELEMENTS (KOHA) | |
| Source of classification or shelving scheme | Dewey Decimal Classification |
| Withdrawn status | Item status | Source of classification or shelving scheme | Damaged status | Not for loan | Vendor | Home library | Current library | Shelving location | Date acquired | Source of acquisition | Cost, normal purchase price | Total Checkouts | Full call number | Barcode | Date last seen | Cost, replacement price | Koha item type |
|---|---|---|---|---|---|---|---|---|---|---|---|---|---|---|---|---|---|
| Dewey Decimal Classification | Alahram | Central Library | Central Library | Lower Floor | 03/05/2016 | Purchase | 189.00 | 001.42 STO | 000032414 | 28/09/2025 | 236.25 | Book - Borrowing |